Transfery Górnika Łęczna w letnim okienku transferowym 2021/2022. - Statystyki

Ogólne statystyki
  • Ten quiz został rozwiązany 28 razy
  • Średni wynik to 6 z 9
Statystyki odpowiedzi
Cena Pozycja Narodowość Poprzedni Klub Piłkarz % Poprawnych
Za darmo Defensywny pomocnik Polska Dinamo Bukareszt Gol
83%
Wypożyczenie Lewy napastnik Polska Pogoń Szczecin Wędrychowski
79%
Za darmo Środkowy pomocnik Polska Odra Opole Drewniak
67%
? Środkowy pomocnik Polska Śląsk Wrocław Gąska
67%
Wypożyczenie Środkowy obrońca Polska Pogoń Szczecin II Szcześniak
67%
Wypożyczenie Prawy obrońca Polska Motor Lublin Król
63%
Za darmo Lewy obrońca Polska Sandecja Nowy Sącz Dziwniel
58%
Za darmo Prawy obrońca Polska Piast Gliwice Rymaniak
54%
? Środkowy pomocnik Polska Lech Poznań Szramowski
38%
Nie znaleziono quizów pasujących do podanych kryteriów
Rozkład punktacji
Procent ludzi z każdym wynikiem
Percentyl według liczby udzielonych odpowiedzi
Twoja historia wyników
Nie rozwiązałeś tego quizu